[Event "FRA Team Ch"]
[Site "Bordeaux"]
[Date "2001.03.31"]
[Round "6.2"]
[White "Spraggett, Kevin"]
[Black "Narciso Dublan, Marc"]
[Result "1-0"]
[WhiteElo "2536"]
[BlackElo "2529"]
[Annotator "Cannes - Montpellier"]
[PlyCount "79"]
[EventDate "2001.??.??"]

1. e4 e5 2. Nf3 Nc6 3. Bb5 Nf6 4. d3 d6 5. c3 g6 6. O-O Bg7 7. Re1 O-O 8. Bg5
h6 9. Bh4 Bd7 10. Ba4 Qe8 11. Nbd2 Nd4 12. cxd4 Bxa4 13. Qc1 Rc8 14. dxe5 dxe5
15. Nc4 Nh5 16. Qc3 Bb5 17. Bg3 Nxg3 18. hxg3 Ba6 19. Rac1 f6 20. b4 Kh7 21.
Nb2 Rf7 22. Qb3 Rd8 23. Rc3 h5 24. Rec1 c6 25. a4 Bh6 26. Ra1 Kg7 27. Qc2 Qe6
28. Rb3 b6 29. Rc3 Rd6 30. Nc4 Rd8 31. a5 b5 32. Ncd2 Rc7 33. Nb3 Qd6 34. Nc5
Bc8 35. Rd1 Bg4 36. d4 Qe7 37. dxe5 Rxd1+ 38. Qxd1 Qxe5 39. Nxe5 Bxd1 40. Ne6+
1-0

[Event "FRA Team Ch"]
[Site "Bordeaux"]
[Date "2001.03.31"]
[Round "6.3"]
[White "Magem Badals, Jordi"]
[Black "Rainfray, Arnaud"]
[Result "1-0"]
[WhiteElo "2506"]
[BlackElo "2390"]
[Annotator "Orange - Bordeaux"]
[PlyCount "99"]
[EventDate "2001.??.??"]

1. e4 e5 2. Nf3 Nc6 3. Bb5 Nf6 4. d3 d6 5. c3 g6 6. Nbd2 Bg7 7. Nf1 h6 8. Ng3
O-O 9. Bd2 Bd7 10. Ba4 Qe7 11. Qc1 Kh7 12. h4 Nb4 13. cxb4 Bxa4 14. h5 Ng8 15.
b3 Bc6 16. Qc2 d5 17. O-O-O Rad8 18. d4 dxe4 19. hxg6+ fxg6 20. Nxe4 Bxe4 21.
Qxe4 Rxf3 22. Qxf3 e4 23. Qg3 Bxd4 24. Bc3 c5 25. bxc5 Qxc5 26. Kb1 Bxf2 27.
Qf4 Rxd1+ 28. Rxd1 Qxc3 29. Rd7+ Kh8 30. Qxf2 Nf6 31. Rf7 Nd5 32. Rf8+ Kh7 33.
Rf7+ Kg8 34. Rf8+ Kh7 35. Qf7+ Qg7 36. Qxg7+ Kxg7 37. Rd8 Nf4 38. Rd7+ Kf6 39.
Rxb7 Nxg2 40. Kc2 h5 41. Rxa7 h4 42. a4 Nf4 43. a5 Nd5 44. Kd2 g5 45. a6 g4 46.
Rh7 Kg5 47. a7 Nb6 48. Rb7 h3 49. Rxb6 h2 50. Rh6 1-0

[Event "FRA Team Ch"]
[Site "Bordeaux"]
[Date "2001.03.31"]
[Round "6.4"]
[White "Crut, Aurelien"]
[Black "Mellado Trivino, Juan"]
[Result "0-1"]
[WhiteElo "2303"]
[BlackElo "2460"]
[Annotator "Cannes - Montpellier"]
[PlyCount "80"]
[EventDate "2001.??.??"]

1. e4 d5 2. exd5 Qxd5 3. Nc3 Qd6 4. d4 Nf6 5. Nf3 a6 6. Bc4 b5 7. Bb3 Bb7 8.
O-O c5 9. dxc5 Qxd1 10. Rxd1 e6 11. Ne5 Bxc5 12. Bf4 Nc6 13. Nxc6 Bxc6 14. Bd6
Bxd6 15. Rxd6 Rc8 16. Rd4 Ke7 17. a4 Rhd8 18. Rxd8 Rxd8 19. axb5 axb5 20. Rd1
Rd6 21. f3 Nd7 22. Rxd6 Kxd6 23. Ne2 Nc5 24. Nd4 Bd7 25. f4 f6 26. Ba2 Na4 27.
b4 Nc3 28. Bb3 Nd5 29. c4 bxc4 30. Bxc4 Nxf4 31. Nb5+ Bxb5 32. Bxb5 Nd5 33. Bd3
g6 34. b5 Kc5 35. h4 Nc7 36. h5 f5 37. Kh2 Nxb5 38. Kg3 g5 39. h6 Nd6 40. Ba6
Nf7 0-1

[Event "FRA Team Ch"]
[Site "Bordeaux"]
[Date "2001.03.31"]
[Round "6.5"]
[White "Guidarelli, Laurent"]
[Black "Seret, Jean-Luc"]
[Result "0-1"]
[WhiteElo "2297"]
[BlackElo "2358"]
[Annotator "Orange - Bordeaux"]
[PlyCount "74"]
[EventDate "2001.??.??"]

1. e4 g6 2. d4 d6 3. Nc3 Bg7 4. Be3 a6 5. Qd2 Nd7 6. Nf3 b5 7. a4 b4 8. Ne2 c5
9. c3 Ngf6 10. Ng3 bxc3 11. bxc3 Qa5 12. Bd3 O-O 13. O-O Rb8 14. Qe2 Qxc3 15.
Bd2 Qb3 16. Rfb1 Qe6 17. Rxb8 Nxb8 18. Rb1 c4 19. Bxc4 d5 20. Ba2 Nc6 21. e5
Nd7 22. Ne4 Nxd4 23. Nxd4 Qxe5 24. Nc6 Qxe4 25. Nxe7+ Kh8 26. Qxe4 dxe4 27. Rc1
Bb7 28. Rc7 Rd8 29. Kf1 Ba8 30. Ba5 Ne5 31. Ra7 Re8 32. Bd5 Bxd5 33. Nxd5 h5
34. Rxa6 Rc8 35. Ne3 Nd3 36. Bd2 Rb8 37. Rc6 Rb1+ 0-1

[Event "FRA Team Ch"]
[Site "Bordeaux"]
[Date "2001.03.31"]
[Round "6.6"]
[White "Pujos, Stephane"]
[Black "Goldgewicht, Lionel"]
[Result "1-0"]
[WhiteElo "2269"]
[BlackElo "2345"]
[Annotator "Cannes - Montpellier"]
[PlyCount "99"]
[EventDate "2001.??.??"]

1. e4 e6 2. d4 d5 3. Nc3 Nf6 4. Bg5 Bb4 5. e5 h6 6. Bc1 Ne4 7. Qg4 g6 8. Nge2
c5 9. a3 Ba5 10. b4 Nxc3 11. Nxc3 cxd4 12. Nb5 Bc7 13. f4 Nc6 14. Nxc7+ Qxc7
15. Bd2 a6 16. Bd3 Bd7 17. O-O Ne7 18. a4 Rc8 19. Qe2 Qb6 20. Kh1 h5 21. b5 a5
22. Qe1 Ra8 23. Qf2 Rc8 24. Qe1 Ra8 25. Qf2 Rc8 26. c3 Nf5 27. Rfc1 O-O 28.
Bxf5 exf5 29. cxd4 Rxc1+ 30. Rxc1 Rc8 31. Rc5 Be6 32. Be1 Qd8 33. Qc2 Kf8 34.
b6 Rxc5 35. Qxc5+ Qe7 36. Qxa5 Kg7 37. Qb4 Qd8 38. h3 Qc8 39. Kh2 Qc1 40. Bd2
Qf1 41. a5 Qe2 42. Be1 Qf1 43. Qd2 Bd7 44. Bh4 Be6 45. Bg5 Qc4 46. Qb2 Kh7 47.
Qa3 Qxd4 48. Qf8 h4 49. Qh6+ Kg8 50. Bf6 1-0

[Event "FRA Team Ch"]
[Site "Bordeaux"]
[Date "2001.03.31"]
[Round "6.7"]
[White "Gachon, Lionel"]
[Black "Cornette, Matthieu"]
[Result "1/2-1/2"]
[WhiteElo "2237"]
[BlackElo "2202"]
[Annotator "Orange - Bordeaux"]
[PlyCount "131"]
[EventDate "2001.??.??"]

1. Nf3 Nf6 2. g3 g6 3. b3 Bg7 4. Bb2 O-O 5. Bg2 d6 6. d4 c6 7. O-O Qa5 8. h3
Nbd7 9. Nbd2 Re8 10. e4 Qc7 11. Re1 e5 12. dxe5 Nxe5 13. Nxe5 dxe5 14. Nc4 Rd8
15. Bxe5 Rxd1 16. Bxc7 Rxa1 17. Rxa1 b5 18. e5 Ne8 19. Bxc6 Nxc7 20. Bxa8 bxc4
21. Rd1 Bxh3 22. Rd8+ Bf8 23. Bc6 Bf5 24. Bd7 Bxc2 25. Rc8 Nd5 26. Rxc4 Bb1 27.
Ra4 Nb6 28. Rxa7 Nxd7 29. Rxd7 Bxa2 30. Rb7 Bc5 31. b4 Bd4 32. b5 Bxe5 33. Re7
Bd4 34. Rd7 Bc5 35. Rc7 Bd4 36. Rd7 Bc5 37. Rc7 Bd4 38. Rc6 Be6 39. b6 Bxb6 40.
Rxb6 h5 41. Rd6 Kg7 42. Kg2 Kf6 43. Kf3 Ke5 44. Rd8 Kf5 45. Rb8 Bd5+ 46. Ke3
Be6 47. Rb5+ Kf6 48. Kf4 Bf5 49. Rb6+ Be6 50. f3 Kg7 51. Ke5 Bc4 52. f4 Bd3 53.
Rb7 Bf5 54. Rb6 Bg4 55. Rd6 Bf5 56. Kd4 Be6 57. Rb6 Kf6 58. Ke4 Kg7 59. Ra6 Bc8
60. Ra7 Bf5+ 61. Ke5 Be6 62. Ra6 Bf5 63. Rb6 Bg4 64. Rd6 Bf5 65. Kd5 Bg4 66.
Ke5 1/2-1/2

[Event "FRA Team Ch"]
[Site "Bordeaux"]
[Date "2001.03.31"]
[Round "6.8"]
[White "Beudaert, Xavier"]
[Black "Guadalpi, David"]
[Result "0-1"]
[WhiteElo "2235"]
[BlackElo "2285"]
[Annotator "Cannes - Montpellier"]
[PlyCount "102"]
[EventDate "2001.??.??"]

1. e4 d6 2. d4 Nf6 3. Nc3 Nbd7 4. Nf3 e5 5. Bc4 Be7 6. O-O O-O 7. Re1 c6 8. a4
b6 9. Bg5 a6 10. Bb3 Bb7 11. Qe2 b5 12. axb5 axb5 13. Rad1 Qc7 14. d5 b4 15.
dxc6 Bxc6 16. Nd5 Bxd5 17. Bxd5 Nxd5 18. Rxd5 Bxg5 19. Nxg5 Nf6 20. Rd3 h6 21.
Nf3 Rfc8 22. Rb3 Qc5 23. Rc1 Ra2 24. Kf1 Rca8 25. Ne1 Qd4 26. Rd1 26... Qb6 {=}
27. Qc4 Ng4 28. Nd3 Nxh2+ 29. Ke2 Ng4 30. Rxb4 Qa7 31. Qb3 Qe7 32. Rb7 Qe8 33.
Nb4 R2a7 34. Rxa7 Rxa7 35. Rxd6 Qb8 36. Rd3 Qb6 37. Rf3 Rb7 38. c3 Qb5+ 39. Ke1
Nh2 40. Rf5 Qf1+ 41. Kd2 Ra7 42. Nd3 Rd7 43. Qc4 Rd8 44. Qxf7+ Kh8 45. Qc4 Ng4
46. Kc2 Qe2+ 47. Kc1 Nf6 48. Rf3 Nxe4 49. Qc7 Qd2+ 50. Kb1 Qd1+ 51. Nc1 Nd2+
0-1

[Event "FRA Team Ch"]
[Site "Bordeaux"]
[Date "2001.03.31"]
[Round "6.9"]
[White "Dacalor, Aurelie"]
[Black "Feuvrier, Stephanie"]
[Result "0-1"]
[WhiteElo "2162"]
[BlackElo "2048"]
[Annotator "Orange - Bordeaux"]
[PlyCount "62"]
[EventDate "2001.??.??"]

1. d4 Nf6 2. c4 c5 3. d5 b5 4. cxb5 a6 5. e3 g6 6. Nc3 Bg7 7. d6 Bb7 8. Nf3 O-O
9. Be2 Re8 10. O-O Qb6 11. dxe7 Rxe7 12. a4 axb5 13. Nxb5 d5 14. Rb1 Nc6 15. b3
Rd7 16. Nd2 d4 17. Nc4 Qd8 18. Bg4 Nxg4 19. Qxg4 Rd5 20. e4 Bc8 21. Qf4 Rh5 22.
Nbd6 Be6 23. Ba3 Bh6 24. Qf3 Ne5 25. Qe2 Qh4 26. h3 Bxh3 27. f3 Bxg2 28. Qxg2
Rg5 29. Nxe5 Rxg2+ 30. Kxg2 Bf4 31. Rh1 Qg3+ 0-1

[Event "FRA Team Ch"]
[Site "Bordeaux"]
[Date "2001.03.31"]
[Round "6.1"]
[White "Banikas, Hristos"]
[Black "Komarov, Dimitri"]
[Result "1/2-1/2"]
[WhiteElo "2535"]
[BlackElo "2540"]
[Annotator "Nice - Drancy"]
[PlyCount "39"]
[EventDate "2001.??.??"]

1. d4 e6 2. Nf3 Nf6 3. c4 b6 4. a3 Ba6 5. Qc2 Bb7 6. Nc3 c5 7. e4 cxd4 8. Nxd4
Bc5 9. Nb3 Nc6 10. Bg5 Nd4 11. Nxd4 Bxd4 12. Nb5 Be5 13. f4 Bb8 14. e5 h6 15.
Bxf6 gxf6 16. Nd6+ Bxd6 17. exd6 Rc8 18. Qc3 a5 19. Rg1 Rg8 20. g4 1/2-1/2

[Event "FRA Team Ch"]
[Site "Bordeaux"]
[Date "2001.03.31"]
[Round "6.2"]
[White "Godard, Maxence"]
[Black "Delchev, Aleksander"]
[Result "1/2-1/2"]
[WhiteElo "2377"]
[BlackElo "2587"]
[Annotator "Drancy - Nice"]
[PlyCount "99"]
[EventDate "2001.??.??"]

1. e4 c5 2. Nf3 e6 3. Nc3 Nc6 4. d4 cxd4 5. Nxd4 Qc7 6. Be3 a6 7. Bd3 b5 8. O-O
Bb7 9. Qe2 Nf6 10. Nxc6 Bxc6 11. Bd4 Qd6 12. Bxf6 gxf6 13. a4 b4 14. Nd5 Bxd5
15. exd5 Qxd5 16. Bxa6 Bd6 17. g3 Ke7 18. Bb5 Ra7 19. Rad1 Qe5 20. Qd3 Qc5 21.
c3 bxc3 22. bxc3 h5 23. Kg2 h4 24. Qf3 Qh5 25. Qxh5 Rxh5 26. c4 Bc5 27. Rd3 Rf5
28. f4 hxg3 29. hxg3 Rh5 30. Rdd1 f5 31. Rh1 Rxh1 32. Rxh1 Ra8 33. Ra1 Bb6 34.
Rh1 Rc8 35. Ra1 Ba5 36. Rd1 d6 37. Rf1 Rc5 38. Rh1 d5 39. cxd5 Rxd5 40. Kf3 Rd2
41. Re1 Ra2 42. Re2 Ra1 43. Rc2 Ra3+ 44. Kf2 Bc3 45. Re2 f6 46. Ba6 Bd4+ 47.
Kg2 Rc3 48. Bb7 Rc5 49. a5 Rxa5 50. Bc8 1/2-1/2

[Event "FRA Team Ch"]
[Site "Bordeaux"]
[Date "2001.03.31"]
[Round "6.3"]
[White "Dorfman, Josif"]
[Black "Legky, Nikolay A"]
[Result "1/2-1/2"]
[WhiteElo "2602"]
[BlackElo "2477"]
[Annotator "Nice - Drancy"]
[PlyCount "84"]
[EventDate "2001.??.??"]

1. c4 e6 2. d4 d5 3. Nc3 Nf6 4. cxd5 exd5 5. Bg5 Be7 6. e3 c6 7. Qc2 Nbd7 8.
Bd3 Nh5 9. Bxe7 Qxe7 10. Nge2 g6 11. O-O-O f5 12. Rhe1 Ndf6 13. Ng1 O-O 14. Nf3
Ng7 15. Kb1 b6 16. Ne5 c5 17. f4 c4 18. Be2 Be6 19. h3 Qb7 20. g4 b5 21. g5
Nfh5 22. Bf3 a5 23. a4 b4 24. Nb5 Rac8 25. Qg2 Rfd8 26. Rc1 Qe7 27. b3 c3 28.
Rc2 Qb7 29. Kc1 Bf7 30. Kd1 Be8 31. Be2 Bxb5 32. Bxb5 Ne6 33. Kc1 Nhxf4 34.
exf4 Nxd4 35. Rd1 Nxb5 36. axb5 Qxb5 37. Ra2 d4 38. Kc2 Rc5 39. Nd3 Re8 40. Re1
Rxe1 41. Nxe1 Rc8 42. Nd3 Re8 1/2-1/2

[Event "FRA Team Ch"]
[Site "Bordeaux"]
[Date "2001.03.31"]
[Round "6.4"]
[White "Salaun, Yann"]
[Black "Chatalbashev, Boris"]
[Result "0-1"]
[WhiteElo "2391"]
[BlackElo "2499"]
[Annotator "Drancy - Nice"]
[PlyCount "194"]
[EventDate "2001.??.??"]

1. e4 g6 2. d4 Bg7 3. Nc3 d6 4. Be3 a6 5. f4 b5 6. Bd3 Nd7 7. Nf3 Bb7 8. e5 c5
9. Be4 Bxe4 10. Nxe4 Nh6 11. c3 cxd4 12. cxd4 O-O 13. O-O Nb6 14. Kh1 Rc8 15.
Qe2 Qd7 16. Rad1 Nd5 17. Rc1 Rxc1 18. Rxc1 Rc8 19. Nc3 Nxc3 20. Rxc3 Rxc3 21.
bxc3 d5 22. h3 Nf5 23. Bf2 e6 24. g4 Ne7 25. Kg2 Qc6 26. Be1 Bf8 27. Bd2 Qc4
28. Qxc4 dxc4 29. Ne1 Nd5 30. Nc2 a5 31. a3 Be7 32. Kf3 Kf8 33. Ke2 Ke8 34. Kf3
Kd7 35. Ke4 h6 36. Be1 Kc6 37. Bd2 Kb7 38. Be1 Kb6 39. Bd2 Kc7 40. Be1 Kb7 41.
Bd2 Kc6 42. Be1 Nb6 43. Bd2 Na4 44. Be1 Nb2 45. Bd2 Nd3 46. Kf3 Kd7 47. g5 h5
48. Ke2 Kc6 49. Kf3 Bf8 50. Ke3 Nb2 51. Kf3 Na4 52. Ke4 Nb6 53. Kf3 Nd5 54. Ke4
b4 55. axb4 axb4 56. cxb4 c3 57. Bc1 Kb5 58. Kd3 Bxb4 59. Ne1 Ba5 60. Nc2 Bb4
61. Ne1 Ka4 62. Nc2 Kb3 63. Na1+ Ka2 64. Nc2 Kb1 65. Nxb4 Nxb4+ 66. Kxc3 Nd5+
67. Kd2 Nxf4 68. Kd1 Nd5 69. Kd2 Nb6 70. Kd1 Nd5 71. Kd2 Nb6 72. Kd1 Nc4 73.
Bd2 Kb2 74. Ke2 Kc2 75. Bb4 Nb6 76. Ba5 Nd5 77. Bd2 Kb2 78. Kd3 Kb3 79. Bc1
Nb4+ 80. Ke4 Kc4 81. Be3 Nd5 82. Bd2 Nc7 83. Be3 Nb5 84. Bg1 Nc3+ 85. Ke3 Nd5+
86. Ke4 Kc3 87. Be3 Kc2 88. Bg1 Kd2 89. Bf2 Ke2 90. Bh4 Nc3+ 91. Kf4 Kd3 92.
Bf2 Ne2+ 93. Kf3 Nxd4+ 94. Kf4 Ne2+ 95. Kf3 Nc3 96. Bb6 Kc4 97. Bd8 Nd5 0-1

[Event "FRA Team Ch"]
[Site "Bordeaux"]
[Date "2001.03.31"]
[Round "6.5"]
[White "Leski, Marc"]
[Black "Moracchini, Fabrice"]
[Result "1/2-1/2"]
[WhiteElo "2420"]
[BlackElo "2316"]
[Annotator "Nice - Drancy"]
[PlyCount "48"]
[EventDate "2001.??.??"]

1. Nf3 Nf6 2. c4 g6 3. g3 Bg7 4. Bg2 c6 5. d4 d5 6. cxd5 cxd5 7. Nc3 O-O 8. Ne5
e6 9. O-O Nfd7 10. f4 Nxe5 11. fxe5 Nc6 12. e4 dxe4 13. Be3 f5 14. exf6 Rxf6
15. Qd2 Rxf1+ 16. Rxf1 Bxd4 17. Kh1 Bg7 18. Qc1 Ne5 19. Nxe4 Bd7 20. Bg5 Qb6
21. Nf6+ Bxf6 22. Bxf6 Ng4 23. Qf4 Nxf6 24. Qxf6 Qd6 1/2-1/2

[Event "FRA Team Ch"]
[Site "Bordeaux"]
[Date "2001.03.31"]
[Round "6.6"]
[White "Borne, Niels"]
[Black "Sharif, Mershad"]
[Result "1/2-1/2"]
[WhiteElo "2322"]
[BlackElo "2481"]
[Annotator "Drancy - Nice"]
[PlyCount "21"]
[EventDate "2001.??.??"]

1. d4 e6 2. c4 b6 3. Nf3 Bb7 4. Nc3 Bb4 5. Qb3 Ba5 6. Bg5 Ne7 7. e3 O-O 8. Be2
f6 9. Bf4 Ng6 10. Bg3 f5 11. Bf4 1/2-1/2

[Event "FRA Team Ch"]
[Site "Bordeaux"]
[Date "2001.03.31"]
[Round "6.7"]
[White "Caposciutti, Maurizio"]
[Black "Giffard, Nicolas"]
[Result "1-0"]
[WhiteElo "2355"]
[BlackElo "2393"]
[Annotator "Nice - Drancy"]
[PlyCount "73"]
[EventDate "2001.??.??"]

1. Nf3 b6 2. e4 Bb7 3. Nc3 e6 4. d4 Bb4 5. Bd3 Nf6 6. Qe2 d5 7. exd5 Qxd5 8.
Bd2 Bxc3 9. bxc3 O-O 10. c4 Qh5 11. O-O-O Nbd7 12. Rhg1 Qg4 13. h3 Bxf3 14.
gxf3 Qh5 15. Rg5 Qh4 16. Rg3 Kh8 17. Be4 Nxe4 18. fxe4 f6 19. Rdg1 Rf7 20. Qf3
Raf8 21. Rg4 Qh5 22. Qg3 g5 23. Bxg5 fxg5 24. Rxg5 Qh6 25. f4 Nf6 26. e5 Qxg5
27. Qxg5 Ne8 28. Rg4 Ng7 29. d5 Re8 30. Rh4 Ref8 31. Rh6 Kg8 32. dxe6 Rxf4 33.
Rf6 Rxc4 34. e7 Re8 35. Rf8+ Rxf8 36. exf8=Q+ Kxf8 37. Qf6+ 1-0

[Event "FRA Team Ch"]
[Site "Bordeaux"]
[Date "2001.03.31"]
[Round "6.8"]
[White "Doornbos, Yann"]
[Black "Bujisho, Benjamin"]
[Result "0-1"]
[WhiteElo "2359"]
[BlackElo "2368"]
[Annotator "Drancy - Nice"]
[PlyCount "122"]
[EventDate "2001.??.??"]

1. d4 Nf6 2. c4 e6 3. Nf3 d5 4. Nc3 c6 5. e3 Nbd7 6. Qc2 Bb4 7. Bd3 Qe7 8. O-O
O-O 9. a3 Bd6 10. Rd1 h6 11. e4 dxe4 12. Nxe4 Nxe4 13. Bxe4 e5 14. Re1 Qf6 15.
Be3 Kh8 16. Rad1 Re8 17. c5 Bc7 18. d5 cxd5 19. Bxd5 Nf8 20. Nd2 Re7 21. Nc4
Rb8 22. Nd6 Be6 23. Be4 b6 24. b4 bxc5 25. Bxc5 Bb6 26. Bxb6 axb6 27. Re3 Bg4
28. f3 Qg5 29. Rc3 Be6 30. a4 Rd8 31. Qf2 Red7 32. Rcd3 Rb8 33. a5 bxa5 34.
bxa5 Qe7 35. a6 Bb3 36. Nxf7+ Qxf7 37. Rxd7 Nxd7 38. Rd6 Qe7 39. Qd2 Nf6 40.
Bb7 Rxb7 41. axb7 Qxb7 42. Rd8+ Bg8 43. h3 Qc7 44. Kh1 Qc4 45. Qe3 Qf4 46. Qxf4
exf4 47. Kg1 Kh7 48. Ra8 Kg6 49. Ra7 Be6 50. Kf2 Bd7 51. Ra8 Kh5 52. Rf8 Be8
53. Ke1 Kg5 54. Kd2 Kf5 55. Kc3 g5 56. h4 gxh4 57. Kd4 Kg6 58. Rh8 Kg7 59. Rxe8
Nxe8 60. Ke5 Kg6 61. Kxf4 Nf6 0-1

[Event "FRA Team Ch"]
[Site "Bordeaux"]
[Date "2001.03.31"]
[Round "6.9"]
[White "Bonnafous, Nathalie"]
[Black "Dewitte, Catherine"]
[Result "1/2-1/2"]
[WhiteElo "2071"]
[BlackElo "2016"]
[Annotator "Nice - Drancy"]
[PlyCount "83"]
[EventDate "2001.??.??"]

1. Nf3 b6 2. g3 Bb7 3. Bg2 e6 4. d3 Be7 5. e4 d6 6. c4 Nd7 7. Nc3 a5 8. O-O
Ngf6 9. Qc2 Ne5 10. Ne1 Nc6 11. Nb5 e5 12. f4 Qd7 13. Nf3 h5 14. a3 h4 15. Nxh4
O-O-O 16. Nf3 exf4 17. Bxf4 Nh5 18. Bd2 Ne5 19. d4 Nxf3+ 20. Bxf3 Qh3 21. Bg2
Qg4 22. Rxf7 Nxg3 23. hxg3 Qh5 24. Rf2 Qh2+ 25. Kf1 Qxg3 26. Bf4 Qg6 27. b4 Bh4
28. Bh3+ Kb8 29. Rg2 Qxe4 30. Qxe4 Bxe4 31. Kg1 Bxg2 32. Kxg2 g5 33. Bg3 Rde8
34. Bxh4 Rxh4 35. Bd7 Re2+ 36. Kf3 Re7 37. Bc6 Rf4+ 38. Kg3 Re3+ 39. Kg2 Re2+
40. Kg3 Re3+ 41. Kg2 Re2+ 42. Kg3 1/2-1/2

[Event "FRA Team Ch"]
[Site "Mulhouse"]
[Date "2001.04.01"]
[Round "7.1"]
[White "Kallai, Gabor"]
[Black "Lautier, Joel"]
[Result "1/2-1/2"]
[WhiteElo "2543"]
[BlackElo "2658"]
[Annotator "Strasbourg-Clichy"]
[PlyCount "24"]
[EventDate "2001.03.??"]

1. d4 d5 2. c4 e6 3. Nf3 c6 4. Nbd2 Nf6 5. g3 Be7 6. Bg2 O-O 7. O-O b6 8. Qc2
Ba6 9. Ne5 Nfd7 10. Nd3 Nf6 11. Ne5 Nfd7 12. Nd3 Nf6 1/2-1/2

[Event "FRA Team Ch"]
[Site "Mulhouse"]
[Date "2001.04.01"]
[Round "7.2"]
[White "Grischuck, Alexander"]
[Black "Maier, Christian"]
[Result "1-0"]
[WhiteElo "2663"]
[BlackElo "2376"]
[Annotator "Clichy - Strasbourg"]
[PlyCount "65"]
[EventDate "2001.03.??"]

1. e4 e6 2. d4 d5 3. e5 c5 4. c3 Nd7 5. Nf3 Ne7 6. Bd3 Nc6 7. O-O Be7 8. Re1 a5
9. Na3 cxd4 10. cxd4 Nb6 11. Nb5 a4 12. Bf4 g5 13. Be3 g4 14. Nd2 h5 15. Rc1
Bd7 16. f3 Rc8 17. fxg4 Nb4 18. Be2 Nc4 19. Nxc4 dxc4 20. Rxc4 Nd5 21. Rxc8
Bxc8 22. Bf2 hxg4 23. Bxg4 Bb4 24. Nd6+ Kf8 25. Rf1 Bxd6 26. exd6 Qxd6 27. Bg3
Qb4 28. Be5 Rg8 29. Qf3 f5 30. Bxf5 exf5 31. Qxd5 Qxb2 32. Bd6+ Kg7 33. Re1 1-0

[Event "FRA Team Ch"]
[Site "Mulhouse"]
[Date "2001.04.01"]
[Round "7.4"]
[White "Magem Badals, Jordi"]
[Black "Mensch, Etienne"]
[Result "1/2-1/2"]
[WhiteElo "2628"]
[BlackElo "2313"]
[Annotator "Clichy - Strasbourg"]
[PlyCount "108"]
[EventDate "2001.03.??"]

1. d4 Nf6 2. c4 c5 3. d5 b5 4. Nf3 d6 5. Qc2 g6 6. e4 Bg7 7. cxb5 a6 8. Nc3 O-O
9. Be2 axb5 10. Bxb5 Ne8 11. Bf4 Nc7 12. Be2 Ba6 13. O-O Nd7 14. Rfe1 f6 15. a3
Bxe2 16. Qxe2 Qb8 17. Rab1 Qa7 18. Nd2 Qa6 19. Qg4 Nb6 20. Qh3 Qc8 21. Qf3 Na4
22. Nxa4 Rxa4 23. b4 cxb4 24. axb4 Nb5 25. Rec1 Qa6 26. Qd3 Rb8 27. Rc6 Qa8 28.
h3 Ra1 29. Rxa1 Qxa1+ 30. Kh2 Qd4 31. Qxd4 Nxd4 32. Rc4 Nb5 33. Nf3 Kf7 34. g4
Na3 35. Rc3 Nb5 36. Rc6 Na3 37. Bd2 Nb5 38. Kg3 Na7 39. Ra6 Nb5 40. h4 h5 41.
gxh5 gxh5 42. Kg2 f5 43. exf5 Kf6 44. Bg5+ Kxf5 45. Bxe7 Be5 46. Nxe5 Kxe5 47.
f4+ Ke4 48. Kg3 Nd4 49. Bxd6 Nf5+ 50. Kf2 Nxd6 51. Rxd6 Rxb4 52. Ke2 Kxf4 53.
Rh6 Rb5 54. d6 54... Kg4 {et nulle au 63eme coup} 1/2-1/2

[Event "FRA Team Ch"]
[Site "Mulhouse"]
[Date "2001.04.01"]
[Round "7.6"]
[White "Apicella, Manuel"]
[Black "Roos, Louis"]
[Result "1-0"]
[WhiteElo "2518"]
[BlackElo "2381"]
[Annotator "Clichy-Strasbourg"]
[PlyCount "123"]
[EventDate "2001.03.??"]

1. e4 e6 2. d4 d5 3. Nc3 Bb4 4. e5 b6 5. Qg4 Bf8 6. Nf3 Qd7 7. Be2 Ne7 8. O-O
Ba6 9. a4 h5 10. Qh3 Ng6 11. Ng5 Bxe2 12. Nxe2 Be7 13. Rd1 Nc6 14. b3 a6 15.
Be3 Bxg5 16. Bxg5 Nce7 17. c4 c6 18. a5 Qb7 19. axb6 Qxb6 20. Bd2 Nf5 21. Ba5
Qb7 22. Rab1 h4 23. Qg4 h3 24. g3 Qe7 25. cxd5 cxd5 26. Bb6 Qa3 27. Bc5 Qa5 28.
b4 Qa2 29. Qf3 Nge7 30. Ra1 Qc4 31. Rdc1 Qb5 32. Ra5 Qb7 33. Rca1 Nc6 34. R5a4
Qb5 35. g4 Nh4 36. Qe3 Ng2 37. Qd2 Nh4 38. Kh1 Qc4 39. b5 Qxb5 40. Nc3 Qb7 41.
Rb1 Qc8 42. Qa2 Nxe5 43. Rb6 f5 44. Nxd5 Kf7 45. Ne7 Qd8 46. gxf5 Nxf5 47. Nxf5
Rb8 48. Rab4 Rxb6 49. Rxb6 Nd3 50. Qb3 Qd5+ 51. Qxd5 exd5 52. Kg1 a5 53. Kf1 a4
54. Ba3 Nf4 55. f3 g6 56. Nd6+ Kf6 57. Kf2 Ne6 58. Kg3 Ra8 59. Kxh3 Kg5 60. Nb5
Rh8+ 61. Kg3 Nf4 62. h4+ 1-0

[Event "FRA Team Ch"]
[Site "Mulhouse"]
[Date "2001.04.01"]
[Round "7.7"]
[White "Szabolcsi, Janos"]
[Black "Renet, Olivier"]
[Result "0-1"]
[WhiteElo "2410"]
[BlackElo "2498"]
[Annotator "Strasbourg-Clichy"]
[PlyCount "52"]
[EventDate "2001.03.??"]

1. d4 Nf6 2. c4 g6 3. Nc3 Bg7 4. e4 d6 5. Be2 O-O 6. Nf3 e5 7. O-O Nc6 8. dxe5
dxe5 9. Qxd8 Rxd8 10. Bg5 Rd7 11. Bd1 h6 12. Be3 Rd8 13. Nd5 Nxe4 14. Nxc7 Rb8
15. b4 Nc3 16. a3 Bf5 17. Rc1 Bd3 18. Re1 e4 19. Nd2 Na2 20. Rc2 Bxc2 21. Bxc2
Nc3 22. Nxe4 Rbc8 23. Nb5 Nxb5 24. cxb5 Nxb4 25. axb4 Rxc2 26. Bxa7 Re2 0-1

[Event "FRA Team Ch"]
[Site "Mulhouse"]
[Date "2001.04.01"]
[Round "7.8"]
[White "Hebden, Mark"]
[Black "Roos, Jean-Luc"]
[Result "1-0"]
[WhiteElo "2552"]
[BlackElo "2264"]
[Annotator "Clichy - Strasbourg"]
[PlyCount "45"]
[EventDate "2001.03.??"]

1. d4 e6 2. Nf3 Nf6 3. c3 c5 4. Bg5 d5 5. Nbd2 Be7 6. e3 b6 7. Bd3 O-O 8. Ne5
Nfd7 9. Bf4 f5 10. h4 Bf6 11. Ndf3 a5 12. g4 Bxe5 13. dxe5 c4 14. Bxf5 exf5 15.
Qxd5+ Kh8 16. Qxa8 Na6 17. O-O-O Nac5 18. e6 Nxe6 19. Bd6 fxg4 20. Ng5 Rf6 21.
Be5 Nxg5 22. Bxf6 gxf6 23. hxg5 1-0

[Event "FRA Team Ch"]
[Site "Mulhouse"]
[Date "2001.04.01"]
[Round "7.2"]
[White "Moreno Carnero, Javier"]
[Black "Ivanov, Mikhail M"]
[Result "1-0"]
[WhiteElo "2483"]
[BlackElo "2454"]
[Annotator "Noyon - Bischwiller"]
[PlyCount "59"]
[EventDate "2001.03.??"]

1. e4 c5 2. Nf3 g6 3. d4 cxd4 4. Nxd4 Bg7 5. Nc3 Nc6 6. Be3 Nf6 7. Bc4 O-O 8.
Bb3 d6 9. f3 Na5 10. Qd2 a6 11. Bh6 e5 12. Bxg7 Kxg7 13. Nde2 Be6 14. Rd1 Nxb3
15. axb3 Ne8 16. O-O Rc8 17. f4 f6 18. Ng3 Qc7 19. f5 Bf7 20. h4 b5 21. Rf2 Qc5
22. fxg6 hxg6 23. h5 Rh8 24. hxg6 Bxg6 25. Nd5 Kf8 26. Nxf6 Nxf6 27. Qxd6+ Qxd6
28. Rxd6 Kg7 29. Rfxf6 Rh6 30. Rxg6+ 1-0

[Event "FRA Team Ch"]
[Site "Mulhouse"]
[Date "2001.04.01"]
[Round "7.3"]
[White "Baklan, Vladimir"]
[Black "Beikert, Guenther"]
[Result "1-0"]
[WhiteElo "2612"]
[BlackElo "2443"]
[Annotator "Mulhouse - Gonfreville"]
[PlyCount "81"]
[EventDate "2001.03.??"]

1. e4 e5 2. Nf3 d6 3. d4 Nf6 4. Nc3 Nbd7 5. h3 g6 6. dxe5 dxe5 7. Bc4 Bg7 8. b3
h6 9. a4 O-O 10. Ba3 Re8 11. O-O c6 12. Re1 Nh5 13. Bf1 Nf8 14. Qxd8 Rxd8 15.
Rad1 Re8 16. Nb1 Nf4 17. Nbd2 Be6 18. Nc4 Bxc4 19. Bxc4 Rad8 20. Bb2 Rd7 21. h4
Bf6 22. g3 Nh5 23. Nh2 Bg7 24. Ng4 Rc7 25. Rd6 Kh7 26. Red1 Ree7 27. Ba3 Kg8
28. Rd8 Red7 29. R1xd7 Rxd7 30. Re8 Rd4 31. Bd3 f5 32. Nxe5 Nf6 33. Ra8 fxe4
34. Bc4+ Nd5 35. Nxg6 Kf7 36. Nxf8 Rd2 37. Bc5 Rxc2 38. Rxa7 Bxf8 39. Rxb7+ Kf6
40. Bxf8 e3 41. fxe3 1-0

[Event "FRA Team Ch"]
[Site "Mulhouse"]
[Date "2001.04.01"]
[Round "7.4"]
[White "Rausis, Igor"]
[Black "Koch, Jean-Rene"]
[Result "1/2-1/2"]
[WhiteElo "2525"]
[BlackElo "2507"]
[Annotator "Gonfreville - Mulhouse"]
[PlyCount "90"]
[EventDate "2001.03.??"]

1. e4 e5 2. Nf3 Nf6 3. Nc3 Nc6 4. d4 Bb4 5. Nxe5 Nxe4 6. Qg4 Nxc3 7. Qxg7 Rf8
8. a3 Nxd4 9. axb4 Nxc2+ 10. Kd2 Nxa1 11. Kxc3 Qe7 12. Bh6 a5 13. Qxf8+ Qxf8
14. Bxf8 Kxf8 15. b5 d6 16. Nxf7 Kxf7 17. Bc4+ Kf6 18. Rxa1 Bd7 19. Rd1 Rf8 20.
Rd4 Ke7 21. Rh4 Bf5 22. f4 Bg6 23. Bd3 c6 24. b6 d5 25. g3 c5 26. f5 Bxf5 27.
Bxf5 Rxf5 28. Rxh7+ Kd6 29. g4 Rf3+ 30. Kc2 Rf2+ 31. Kc1 Rg2 32. Rxb7 Kc6 33.
Rg7 Kxb6 34. h4 Kb5 35. h5 Rh2 36. Rg6 d4 37. h6 a4 38. g5 a3 39. bxa3 Kc4 40.
Rc6 d3 41. Rc8 Kd4 42. g6 c4 43. g7 Rh1+ 44. Kb2 Rh2+ 45. Kb1 Rh1+ 1/2-1/2